E:llä alkavat valtiot kartalla - Äkkikuolema - Statistics

Yleistilastot
  • Tätä visaa on pelattu 449 kertaa
    448 viimeisimmän päivityksen jälkeen
  • Keskiarvotulos 8 / 12
Answers on the Grid
Answers color-coded by a green-red scale on the quiz's grid according to % correct below.
 
Vastaustilastot
Vastaus % Oikein
Egypti, Espanja
87%
Ecuador, El Salvador
83%
Etelä-Afrikka
83%
Egypti, Eritrea, Etelä-Sudan, Etiopia
83%
Etelä-Afrikka
82%
Egypti, Etelä-Sudan
74%
Eswatini, Etelä-Afrikka
70%
Ecuador
69%
Etelä-Korea
67%
Egypti
54%
Ecuador, El Salvador
41%
Espanja
22%
Ehtoja vastaavia visoja ei löytynyt
Tulosjakauma
Jokaisen tuloksen saaneiden osuus
Persentiili vastausten määrän mukaan
Tuloshistoriasi
Et ole pelannut tätä visaa sen viimeisimmän päivityksen jälkeen